[Event "11th Arad Open 2018"]
[Site "Arad"]
[Date "2018.08.10"]
[Round "7"]
[White "Dobrin, Ionut-Alexandru"]
[Black "Martian, Dragos-Daniel"]
[Result "0-1"]
[WhiteElo "1889"]
[BlackElo "2223"]
[Annotator "NA"]
[PlyCount "72"]
[EventDate "2018.08.05"]
[EventType "swiss"]
[EventCountry "ROU"]
[SourceTitle "playchess.com"]
[Source "ChessBase"]
[SourceQuality "1"]
[TimeControl "40/5400+30:1800+30"]

1. d4 {[%emt 0:00:00]} Nf6 {[%emt 0:00:00]} 2. c4 {[%emt 0:00:00]} e6 {[%emt 0:00:00]} 3. Nc3 {[%emt 0:00:00]} Bb4 {[%emt 0:00:00]} 4. f3 {[%emt 0:00:03]} c5 {[%emt 0:00:00]} 5. a3 {[%emt 0:00:04]} Bxc3+ {[%emt 0:00:54]} 6. bxc3 {[%emt 0:00:03]} b6 {[%emt 0:00:59]} 7. e4 {[%emt 0:02:51]} d6 {[%emt 0:00:33]} 8. Bg5 {[%emt 0:00:40]} Nc6 {[%emt 0:01:40]} 9. Ne2 {[%emt 0:13:52]} O-O {[%emt 0:02:45]} 10. g4 {[%emt 0:01:56]} Ba6 {[%emt 0:05:37]} 11. Ng3 {[%emt 0:00:22]} cxd4 {[%emt 0:03:40]} 12. Nh5 {[%emt 0:06:08]} e5 {[%emt 0:04:09]} 13. Bxf6 {[%emt 0:04:33]} gxf6 {[%emt 0:00:52]} 14. Qd2 {[%emt 0:00:17]} Kh8 {[%emt 0:01:36]} 15. Qh6 {[%emt 0:00:48]} Rg8 {[%emt 0:00:11]} 16. Nxf6 {[%emt 0:01:14]} Rg7 {[%emt 0:00:09]} 17. Rg1 {[%emt 0:07:36]} Ne7 {[%emt 0:07:28]} 18. cxd4 {[%emt 0:01:34]} exd4 {[%emt 0:03:35]} 19. Rg3 {[%emt 0:01:59]} Ng8 {[%emt 0:04:34]} 20. Nxg8 {[%emt 0:00:06]} Kxg8 {[%emt 0:00:31]} 21. Rd1 {[%emt 0:02:21]} Rg6 {[%emt 0:08:14]} 22. Qh5 {[%emt 0:03:07]} Rc8 {[%emt 0:06:44]} 23. Rh3 {[%emt 0:01:16]} h6 {[%emt 0:02:30]} 24. f4 {[%emt 0:15:16]} Rc5 {[%emt 0:12:42]} 25. f5 {[%emt 0:01:30]} Qe7 {[%emt 0:08:55]} 26. Rxd4 {[%emt 0:01:21]} Qf6 {[%emt 0:04:31]} 27. Rd1 {[%emt 0:10:03]} Bxc4 {[%emt 0:02:49]} 28. Bxc4 {[%emt 0:05:45]} Rxc4 {[%emt 0:00:04]} 29. Re3 {[%emt 0:03:39]} Rg5 {[%emt 0:00:19]} 30. Qh3 {[%emt 0:00:15]} h5 {[%emt 0:02:18]} 31. gxh5 {[%emt 0:00:39]} Rg1+ {[%emt 0:00:35]} 32. Ke2 {[%emt 0:00:22]} Rc2+ {[%emt 0:00:16]} 33. Rd2 {[%emt 0:00:06]} Rxd2+ {[%emt 0:00:34]} 34. Kxd2 {[%emt 0:00:01]} Qb2+ {[%emt 0:00:09]} 35. Kd3 {[%emt 0:00:21]} Rd1+ {[%emt 0:00:02]} 36. Kc4 {[%emt 0:00:16]} Rd4# {Kxd4} 0-1

[Event "11th Arad Open 2018"]
[Site "Arad"]
[Date "2018.08.10"]
[Round "7"]
[White "Morariu, Daniel"]
[Black "Cioara, Andrei-Nestor"]
[Result "0-1"]
[WhiteElo "1688"]
[BlackElo "2435"]
[Annotator "NA RC"]
[PlyCount "87"]
[EventDate "2018.08.05"]
[EventType "swiss"]
[EventCountry "ROU"]
[SourceTitle "playchess.com"]
[Source "ChessBase"]
[SourceQuality "1"]
[TimeControl "40/5400+30:1800+30"]

1. f4 {[%emt 0:00:00]} d5 {[%emt 0:05:09]} 2. e3 {[%emt 0:00:11]} g6 {[%emt 0:00:51]} 3. Nf3 {[%emt 0:00:31]} Bg7 {[%emt 0:00:05]} 4. c3 {[%emt 0:00:42]} c5 {[%emt 0:02:42]} 5. d4 {[%emt 0:01:28]} Nc6 {[%emt 0:00:11]} 6. Bd3 {[%emt 0:07:07]} Nh6 {[%emt 0:02:04]} 7. O-O {[%emt 0:02:52]} Bf5 {[%emt 0:00:19]} 8. Bxf5 {[%emt 0:07:59]} Nxf5 {[%emt 0:00:04]} 9. Ne5 {[%emt 0:00:52]} O-O {[%emt 0:02:56]} 10. Nxc6 {[%emt 0:01:16]} bxc6 {[%emt 0:00:02]} 11. Qe2 {[%emt 0:08:38]} Qb6 {[%emt 0:07:02]} 12. Kh1 {[%emt 0:12:47]} e6 {[%emt 0:06:40]} 13. Nd2 {[%emt 0:01:53]} cxd4 {[%emt 0:00:33]} 14. exd4 {[%emt 0:01:03]} c5 {[%emt 0:08:41]} 15. dxc5 {[%emt 0:01:58]} Qxc5 {[%emt 0:01:11]} 16. Nb3 {[%emt 0:02:30]} Qc7 {[%emt 0:02:36]} 17. Be3 {[%emt 0:04:21]} Rfb8 {[%emt 0:02:59]} 18. Bg1 {[%emt 0:02:49]} Qc4 {[%emt 0:11:11]} 19. Qd2 {[%emt 0:13:28]} a5 {[%emt 0:02:16]} 20. Nd4 {[%emt 0:12:17]} Nxd4 {[%emt 0:02:11]} 21. Bxd4 {[%emt 0:01:45]} Bxd4 {[%emt 0:00:06]} 22. cxd4 {[%emt 0:01:16]} Qb4 {[%emt 0:00:42]} 23. Rf2 {[%emt 0:02:14]} Rc8 {[%emt 0:05:40]} 24. Qxb4 {[%emt 0:03:41]} axb4 {[%emt 0:00:13]} 25. b3 {[%emt 0:00:30]} Rc3 {[%emt 0:00:24]} 26. Rd1 {[%emt 0:00:33]} h5 {[%emt 0:03:10]} 27. g3 {[%emt 0:03:37]} Kg7 {[%emt 0:00:06]} 28. Kg2 {[%emt 0:01:26]} Kf6 {[%emt 0:00:04]} 29. Rdd2 {[%emt 0:02:14]} Rac8 {[%emt 0:00:54]} 30. Rfe2 {[%emt 0:00:33]} Rc1 {[%emt 0:00:44]} 31. Kh3 {[%emt 0:01:13]} R8c3 {[%emt 0:00:42]} 32. Kh4 {[%emt 0:00:47]} Rf1 {[%emt 0:00:50]} 33. Re5 {[%emt 0:01:21]} Rff3 {[%emt 0:00:31]} 34. Ree2 {[%emt 0:00:14]} Rfd3 {[%emt 0:02:38]} 35. Kh3 {[%emt 0:00:47]} Rxd2 {[%emt 0:03:30]} 36. Rxd2 {[%emt 0:00:05]} Kf5 {[%emt 0:00:03]} 37. Kh4 {[%emt 0:00:25]} f6 {[%emt 0:00:39]} 38. Re2 {[%emt 0:01:03]} Rd3 {[%emt 0:00:28]} 39. Kh3 {[%emt 0:00:19]} Rxd4 {[%emt 0:00:00]} 40. Kg2 {[%emt 0:00:00]} Rd3 {[%emt 0:00:00]} 41. Kf2 {[%emt 0:17:31]} e5 {[%emt 0:18:24]} 42. fxe5 {[%emt 0:01:35]} fxe5 {[%emt 0:00:02]} 43. Rc2 {[%emt 0:00:56]} Rc3 {[%emt 0:00:24]} 44. Rd2 {[%emt 0:02:32]} 0-1

[Event "11th Arad Open 2018"]
[Site "Arad"]
[Date "2018.08.11"]
[Round "8"]
[White "Georgiev, Kiril"]
[Black "Georgescu, Tiberiu-Marian"]
[Result "1/2-1/2"]
[WhiteElo "2593"]
[BlackElo "2495"]
[Annotator "RC"]
[PlyCount "127"]
[EventDate "2018.08.05"]
[EventType "swiss"]
[EventCountry "ROU"]
[SourceTitle "playchess.com"]
[Source "ChessBase"]
[SourceQuality "1"]
[TimeControl "40/5400+30:1800+30"]

1. d4 {[%emt 0:03:33]} Nf6 {[%emt 0:00:00]} 2. c4 {[%emt 0:00:23]} e6 {[%emt 0:00:00]} 3. Nf3 {[%emt 0:00:27]} d5 {[%emt 0:00:00]} 4. g3 {[%emt 0:00:31]} Bb4+ {[%emt 0:00:00]} 5. Bd2 {[%emt 0:01:01]} Be7 {[%emt 0:00:05]} 6. Bg2 {[%emt 0:00:11]} c6 {[%emt 0:00:46]} 7. Qc2 {[%emt 0:00:38]} Nbd7 {[%emt 0:00:43]} 8. O-O {[%emt 0:01:51]} O-O {[%emt 0:00:07]} 9. Rd1 {[%emt 0:03:17]} b6 {[%emt 0:05:30]} 10. Bf4 {[%emt 0:00:13]} Ba6 {[%emt 0:01:23]} 11. b3 {[%emt 0:01:41]} Rc8 {[%emt 0:02:45]} 12. Nc3 {[%emt 0:00:36]} Qe8 {[%emt 0:08:26]} 13. e4 {[%emt 0:06:01]} dxc4 {[%emt 0:02:10]} 14. Nd2 {[%emt 0:07:24]} e5 {[%emt 0:06:14]} 15. dxe5 {[%emt 0:03:49]} Ng4 {[%emt 0:02:32]} 16. Nxc4 {[%emt 0:00:21]} Bxc4 {[%emt 0:02:12]} 17. bxc4 {[%emt 0:00:08]} Bc5 {[%emt 0:01:44]} 18. Rd2 {[%emt 0:08:26]} Ngxe5 {[%emt 0:04:03]} 19. Rad1 {[%emt 0:01:01]} Qe7 {[%emt 0:00:34]} 20. Na4 {[%emt 0:01:38]} Bb4 {[%emt 0:05:40]} 21. Rd4 {[%emt 0:01:29]} Rfe8 {[%emt 0:23:02]} 22. Qb3 {[%emt 0:05:07]} g5 {[%emt 0:07:41]} 23. Bxg5 {[%emt 0:12:04]} Qxg5 {[%emt 0:00:24]} 24. Qxb4 {[%emt 0:00:06]} c5 {[%emt 0:01:12]} 25. Qd2 {[%emt 0:00:16]} Qxd2 {[%emt 0:13:44]} 26. R4xd2 {[%emt 0:00:12]} Nf8 {[%emt 0:05:18]} 27. Nb2 {[%emt 0:00:50]} Ne6 {[%emt 0:01:33]} 28. f4 {[%emt 0:00:51]} Nc6 {[%emt 0:01:02]} 29. e5 {[%emt 0:01:08]} Ned4 {[%emt 0:00:10]} 30. Kf2 {[%emt 0:00:32]} Rc7 {[%emt 0:01:49]} 31. Na4 {[%emt 0:01:52]} Na5 {[%emt 0:00:59]} 32. Nc3 {[%emt 0:04:51]} Nxc4 {[%emt 0:01:52]} 33. Nd5 {[%emt 0:00:41]} Rc6 {[%emt 0:02:06]} 34. Rxd4 {[%emt 0:04:27]} cxd4 {[%emt 0:00:02]} 35. Ne7+ {[%emt 0:03:20]} Rxe7 {[%emt 0:00:02]} 36. Bxc6 {[%emt 0:00:11]} Rc7 {[%emt 0:00:24]} 37. Be4 {[%emt 0:04:40]} Rd7 {[%emt 0:00:22]} 38. Bc6 {[%emt 0:03:31]} Rd8 {[%emt 0:00:24]} 39. Be4 {[%emt 0:02:46]} b5 {[%emt 0:01:40]} 40. Ke2 {[%emt 0:00:00]} a5 {[%emt 0:00:00]} 41. Rc1 {[%emt 0:17:17]} Nb2 {[%emt 0:19:51]} 42. Bd3 {[%emt 0:05:21]} Na4 {[%emt 0:00:05]} 43. Rc7 {[%emt 0:02:51]} Nc3+ {[%emt 0:01:01]} 44. Kd2 {[%emt 0:00:24]} a4 {[%emt 0:07:23]} 45. Rb7 {[%emt 0:04:06]} a3 {[%emt 0:03:34]} 46. f5 {[%emt 0:12:47]} Nxa2 {[%emt 0:01:34]} 47. Rxb5 {[%emt 0:01:49]} Nc3 {[%emt 0:00:06]} 48. Ra5 {[%emt 0:00:07]} a2 {[%emt 0:00:05]} 49. Bc4 {[%emt 0:01:28]} Ne4+ {[%emt 0:01:31]} 50. Kc2 {[%emt 0:01:21]} Nf2 {[%emt 0:00:02]} 51. Rxa2 {[%emt 0:00:29]} d3+ {[%emt 0:00:05]} 52. Kd2 {[%emt 0:00:14]} Ne4+ {[%emt 0:00:13]} 53. Ke3 {[%emt 0:00:33]} d2 {[%emt 0:01:28]} 54. Be2 {[%emt 0:00:15]} d1=Q {[%emt 0:00:41]} 55. Bxd1 {[%emt 0:00:03]} Nc3 {[%emt 0:00:07]} 56. Bb3 {[%emt 0:01:06]} Nxa2 {[%emt 0:00:21]} 57. Bxa2 {[%emt 0:00:02]} Ra8 {[%emt 0:00:56]} 58. Bc4 {[%emt 0:00:56]} Ra4 {[%emt 0:00:09]} 59. Bd3 {[%emt 0:00:21]} h5 {[%emt 0:00:52]} 60. h4 {[%emt 0:01:12]} Kg7 {[%emt 0:00:32]} 61. f6+ {[%emt 0:02:47]} Kh6 {[%emt 0:00:32]} 62. Be4 {[%emt 0:00:09]} Ra5 {[%emt 0:00:28]} 63. Kf4 {[%emt 0:00:56]} Rxe5 {[%emt 0:00:12]} 64. Kxe5 {[%emt 0:00:27]} 1/2-1/2

[Event "11th Arad Open 2018"]
[Site "Arad"]
[Date "2018.08.11"]
[Round "8"]
[White "Tarlev, Konstantin"]
[Black "Zawadzka, Jolanta"]
[Result "1-0"]
[WhiteElo "2561"]
[BlackElo "2435"]
[Annotator "TA"]
[PlyCount "73"]
[EventDate "2018.08.05"]
[EventType "swiss"]
[EventCountry "ROU"]
[SourceTitle "playchess.com"]
[Source "ChessBase"]
[SourceQuality "1"]

{[%evp 21,73,62,72,59,61,41,48,28,29,22,93,78,81,78,83,85,77,72,141,134,168,164,162,172,236,240,360,404,345,250,231,227,219,218,304,287,311,275,458,463,436,441,537,493,505,450,456,480,482,502,493,484,588,579]} 1. c4 e6 2. g3 d5 3. Bg2 dxc4 4. Qa4+ Nd7 5. Qxc4 c5 6. Nf3 Ngf6 7. Qc2 a6 8. Nc3 Be7 {A13: English Opening: 1...e6} (8... Qc7 9. d4 b6 10. Bf4 Bd6 11. Bxd6 Qxd6 12. O-O Bb7 13. Rfd1 O-O 14. e4 cxd4 15. Nxd4 Qc7 16. Rac1 {½-½ (30) Adams,M (2715)-Karjakin,S (2760) London 2017}) 9. O-O O-O 10. d4 cxd4 11. Nxd4 Bc5 {LiveBook: 6 Games} 12. Nb3 Ba7 13. Ne4 $146 (13. Bd2 {looks sharper.} Qe7 14. Rad1 h6 15. e3 e5 16. Ne4) ({Predecessor:} 13. Bd2 Rb8 14. a4 h6 15. Rad1 Qc7 16. Rc1 b5 17. axb5 axb5 {½-½ (32) Romanishin,O (2591)-Skembris,S (2475) Turin 2000}) 13... Nxe4 14. Bxe4 f5 15. Bg2 Qe7 (15... e5 $11 {remains equal.}) 16. Bd2 $16 Nf6 17. a3 {Strongly threatening Bb4.} Re8 18. Bb4 Qf7 19. Na5 {[%cal Bb3a5,Ba5c4,Bc4d6][%mdl 32]} e5 (19... Nd5 $142) 20. Nc4 $36 {[%mdl 2048] Threatens to win with Nd6. Keeping Black busy.} Qe6 21. Nd6 Rd8 22. Rad1 (22. Bxb7 $6 Bxb7 23. Nxb7 Rdc8 $11) 22... Bb6 (22... a5 {was necessary.}) 23. Nc4 $18 (23. Nxb7 $6 Bxb7 24. Bxb7 Rab8) 23... Rxd1 (23... Ne4 {might work better.}) 24. Rxd1 Bc7 25. Ne3 Qf7 26. Nxf5 Bxf5 27. Qxf5 Bb6 28. e3 ({But not} 28. Qxe5 $6 Bxf2+ 29. Kh1 Re8 $18) 28... Re8 29. Bc3 Qc7 $2 {[#]} (29... e4 30. Bxf6 Qxf6 31. Qxf6 gxf6) 30. g4 {White is clearly winning.} h6 31. h4 Rd8 32. Rxd8+ Qxd8 33. Bf3 Bc7 34. Bxe5 Bxe5 35. Qxe5 Qd7 36. Qb8+ Kh7 37. Qxb7 {Precision: White = 81%, Black = 37%.} 1-0

[Event "11th Arad Open 2018"]
[Site "Arad"]
[Date "2018.08.11"]
[Round "8"]
[White "Aczel, Gergely"]
[Black "Costachi, Mihnea"]
[Result "0-1"]
[WhiteElo "2551"]
[BlackElo "2453"]
[Annotator "ChessBase"]
[PlyCount "88"]
[EventDate "2018.08.05"]
[EventType "swiss"]
[EventCountry "ROU"]
[SourceTitle "playchess.com"]
[Source "ChessBase"]
[SourceQuality "1"]
[TimeControl "40/5400+30:1800+30"]

1. d4 {[%emt 0:00:00]} Nf6 {[%emt 0:00:34]} 2. c4 {[%emt 0:00:00]} g6 {[%emt 0:00:53]} 3. Nc3 {[%emt 0:00:00]} Bg7 {[%emt 0:00:04]} 4. e4 {[%emt 0:00:00]} d6 {[%emt 0:00:07]} 5. f3 {[%emt 0:00:00]} O-O {[%emt 0:00:54]} 6. Be3 {[%emt 0:00:00]} c5 {[%emt 0:01:13]} 7. Nge2 {[%emt 0:00:05]} Nc6 {[%emt 0:00:13]} 8. d5 {[%emt 0:00:06]} Ne5 {[%emt 0:00:05]} 9. Ng3 {[%emt 0:00:05]} e6 {[%emt 0:02:44]} 10. Be2 {[%emt 0:00:09]} exd5 {[%emt 0:00:06]} 11. cxd5 {[%emt 0:00:05]} b5 {[%emt 0:03:01]} 12. Nxb5 {[%emt 0:10:52]} Rb8 {[%emt 0:02:27]} 13. Qd2 {[%emt 0:03:34]} h5 {[%emt 0:02:25]} 14. O-O {[%emt 0:02:43]} h4 {[%emt 0:00:59]} 15. Nh1 {[%emt 0:00:05]} h3 {[%emt 0:00:04]} 16. Nc3 {[%emt 0:26:04]} hxg2 {[%emt 0:01:43]} 17. Kxg2 {[%emt 0:00:20]} Nh5 {[%emt 0:03:40]} 18. Rab1 {[%emt 0:03:38]} Rb4 {[%emt 0:14:55]} 19. Nf2 {[%emt 0:06:48]} f5 {[%emt 0:03:18]} 20. Bg5 {[%emt 0:07:49]} Bf6 {[%emt 0:08:33]} 21. Bh6 {[%emt 0:06:26]} Rd4 {[%emt 0:02:50]} 22. Qc1 {[%emt 0:00:50]} Bg7 {[%emt 0:04:49]} 23. Bg5 {[%emt 0:00:25]} Bf6 {[%emt 0:00:28]} 24. Bh6 {[%emt 0:00:21]} Nf7 {[%emt 0:21:18]} 25. Be3 {[%emt 0:07:53]} Rb4 {[%emt 0:03:03]} 26. Rg1 {[%emt 0:03:30]} f4 {[%emt 0:02:46]} 27. Bd2 {[%emt 0:01:47]} Bd4 {[%emt 0:00:17]} 28. Qe1 {[%emt 0:07:58]} Qg5+ {[%emt 0:03:16]} 29. Kh1 {[%emt 0:00:12]} Qh4 {[%emt 0:00:22]} 30. Nd3 {[%emt 0:02:04]} Ng3+ {[%emt 0:02:47]} 31. Rxg3 {[%emt 0:01:01]} fxg3 {[%emt 0:00:07]} 32. Qxg3 {[%emt 0:00:04]} Qxg3 {[%emt 0:00:15]} 33. hxg3 {[%emt 0:00:02]} Rb7 {[%emt 0:04:25]} 34. Nf4 {[%emt 0:00:02]} Ne5 {[%emt 0:01:04]} 35. Kg2 {[%emt 0:01:03]} g5 {[%emt 0:05:22]} 36. Ne6 {[%emt 0:00:02]} Bxe6 {[%emt 0:00:11]} 37. dxe6 {[%emt 0:00:02]} Nxf3 {[%emt 0:00:11]} 38. e7 {[%emt 0:11:16]} Rxe7 {[%emt 0:00:26]} 39. Bxf3 {[%emt 0:00:25]} Ref7 {[%emt 0:03:25]} 40. Bf4 {[%emt 0:00:00]} gxf4 {[%emt 0:00:00]} 41. e5 {[%emt 0:18:33]} dxe5 {[%emt 0:19:11]} 42. Bd5 {[%emt 0:00:13]} f3+ {[%emt 0:00:26]} 43. Kf1 {[%emt 0:05:43]} Kg7 {[%emt 0:00:55]} 44. Bxf7 {[%emt 0:00:18]} Rh8 {[%emt 0:00:58]} 0-1

[Event "11th Arad Open 2018"]
[Site "Arad"]
[Date "2018.08.11"]
[Round "8"]
[White "Jianu, Vlad-Cristian"]
[Black "Womacka, Mathias"]
[Result "1-0"]
[WhiteElo "2542"]
[BlackElo "2450"]
[Annotator "ChessBase"]
[PlyCount "97"]
[EventDate "2018.08.05"]
[EventType "swiss"]
[EventCountry "ROU"]
[SourceTitle "playchess.com"]
[Source "ChessBase"]
[SourceQuality "1"]
[TimeControl "40/5400+30:1800+30"]

1. d4 {[%emt 0:00:00]} Nf6 {[%emt 0:00:00]} 2. c4 {[%emt 0:00:00]} e6 {[%emt 0:00:00]} 3. g3 {[%emt 0:00:00]} c5 {[%emt 0:00:10]} 4. d5 {[%emt 0:00:06]} exd5 {[%emt 0:00:14]} 5. cxd5 {[%emt 0:00:08]} d6 {[%emt 0:00:14]} 6. Nc3 {[%emt 0:00:14]} g6 {[%emt 0:00:14]} 7. Bg2 {[%emt 0:00:07]} Bg7 {[%emt 0:00:10]} 8. Nf3 {[%emt 0:00:08]} O-O {[%emt 0:00:54]} 9. O-O {[%emt 0:00:08]} Re8 {[%emt 0:01:35]} 10. Bf4 {[%emt 0:00:28]} Ne4 {[%emt 0:00:50]} 11. Nxe4 {[%emt 0:00:13]} Rxe4 {[%emt 0:00:06]} 12. Nd2 {[%emt 0:00:05]} Rxf4 {[%emt 0:00:41]} 13. gxf4 {[%emt 0:00:08]} Bxb2 {[%emt 0:00:06]} 14. Rb1 {[%emt 0:00:04]} Bg7 {[%emt 0:00:11]} 15. e4 {[%emt 0:00:06]} Nd7 {[%emt 0:03:54]} 16. Qf3 {[%emt 0:00:20]} b5 {[%emt 0:03:12]} 17. Rfe1 {[%emt 0:00:19]} Rb8 {[%emt 0:03:36]} 18. Qg3 {[%emt 0:07:56]} Qc7 {[%emt 0:05:46]} 19. Nf3 {[%emt 0:07:39]} Nf6 {[%emt 0:07:05]} 20. Qh4 {[%emt 0:30:24]} Nh5 {[%emt 0:03:10]} 21. f5 {[%emt 0:02:47]} Bd7 {[%emt 0:07:36]} 22. fxg6 {[%emt 0:10:28]} hxg6 {[%emt 0:32:03]} 23. Qg5 {[%emt 0:00:59]} Re8 {[%emt 0:06:51]} 24. Rbd1 {[%emt 0:04:43]} c4 {[%emt 0:00:43]} 25. Qe3 {[%emt 0:14:06]} Nf6 {[%emt 0:07:57]} 26. Ng5 {[%emt 0:04:08]} Qd8 {[%emt 0:09:11]} 27. h3 {[%emt 0:07:13]} a5 {[%emt 0:01:06]} 28. f4 {[%emt 0:01:18]} Bh6 {[%emt 0:01:06]} 29. Rf1 {[%emt 0:02:27]} Qe7 {[%emt 0:01:48]} 30. e5 {[%emt 0:02:27]} Nh5 {[%emt 0:02:11]} 31. e6 {[%emt 0:00:50]} fxe6 {[%emt 0:00:51]} 32. dxe6 {[%emt 0:00:53]} Bxg5 {[%emt 0:00:05]} 33. fxg5 {[%emt 0:00:05]} Bxe6 {[%emt 0:00:06]} 34. Rde1 {[%emt 0:01:09]} Qd7 {[%emt 0:00:52]} 35. Qb6 {[%emt 0:03:06]} Ng3 {[%emt 0:00:27]} 36. Bc6 {[%emt 0:00:35]} Qd8 {[%emt 0:00:50]} 37. Qxd8 {[%emt 0:00:53]} Rxd8 {[%emt 0:00:06]} 38. Rxe6 {[%emt 0:01:10]} Nxf1 {[%emt 0:00:06]} 39. Kxf1 {[%emt 0:00:06]} Rf8+ {[%emt 0:00:50]} 40. Rf6 {[%emt 0:00:00]} c3 {[%emt 0:00:00]} 41. Bd5+ {[%emt 0:21:26]} Kg7 {[%emt 0:17:17]} 42. Rxf8 {[%emt 0:00:03]} Kxf8 {[%emt 0:00:09]} 43. Ke2 {[%emt 0:00:02]} b4 {[%emt 0:00:36]} 44. Bb3 {[%emt 0:00:48]} Ke7 {[%emt 0:00:22]} 45. h4 {[%emt 0:00:08]} d5 {[%emt 0:00:42]} 46. Kd3 {[%emt 0:05:59]} Ke6 {[%emt 0:00:31]} 47. Kd4 {[%emt 0:00:05]} Kf5 {[%emt 0:00:16]} 48. Kxd5 {[%emt 0:00:34]} Kg4 {[%emt 0:00:07]} 49. Ke4 1-0

[Event "11th Arad Open 2018"]
[Site "Arad"]
[Date "2018.08.11"]
[Round "8"]
[White "Balog, Imre"]
[Black "Mastrovasilis, Dimitrios"]
[Result "1/2-1/2"]
[WhiteElo "2540"]
[BlackElo "2586"]
[Annotator "ChessBase"]
[PlyCount "134"]
[EventDate "2018.08.05"]
[EventType "swiss"]
[EventCountry "ROU"]
[SourceTitle "playchess.com"]
[Source "ChessBase"]
[SourceQuality "1"]
[TimeControl "40/5400+30:1800+30"]

1. d4 {[%emt 0:04:56]} d5 {[%emt 0:00:00]} 2. Nf3 {[%emt 0:00:10]} Nf6 {[%emt 0:00:00]} 3. c4 {[%emt 0:00:06]} c6 {[%emt 0:00:10]} 4. Nc3 {[%emt 0:00:47]} e6 {[%emt 0:03:04]} 5. Bg5 {[%emt 0:02:19]} h6 {[%emt 0:00:33]} 6. Bxf6 {[%emt 0:00:24]} Qxf6 {[%emt 0:00:10]} 7. e3 {[%emt 0:00:04]} Nd7 {[%emt 0:03:40]} 8. Qc2 {[%emt 0:00:40]} Bb4 {[%emt 0:11:00]} 9. a3 {[%emt 0:01:52]} Bxc3+ {[%emt 0:00:25]} 10. Qxc3 {[%emt 0:00:15]} O-O {[%emt 0:00:13]} 11. Bd3 {[%emt 0:06:24]} Re8 {[%emt 0:12:45]} 12. cxd5 {[%emt 0:03:27]} exd5 {[%emt 0:00:14]} 13. O-O {[%emt 0:00:27]} Nb6 {[%emt 0:08:14]} 14. a4 {[%emt 0:01:30]} a5 {[%emt 0:18:58]} 15. b4 {[%emt 0:01:23]} Bf5 {[%emt 0:01:25]} 16. Bxf5 {[%emt 0:08:53]} Qxf5 {[%emt 0:00:12]} 17. Nd2 {[%emt 0:00:23]} axb4 {[%emt 0:18:19]} 18. Qxb4 {[%emt 0:00:42]} Ra6 {[%emt 0:00:37]} 19. a5 {[%emt 0:13:34]} Rea8 {[%emt 0:00:35]} 20. Nb3 {[%emt 0:01:07]} Nc4 {[%emt 0:00:33]} 21. Qxb7 {[%emt 0:03:02]} Qc8 {[%emt 0:00:27]} 22. Qxc8+ {[%emt 0:05:03]} Rxc8 {[%emt 0:00:02]} 23. Rfc1 {[%emt 0:00:20]} Rb8 {[%emt 0:01:31]} 24. Rc3 {[%emt 0:00:36]} Kf8 {[%emt 0:02:59]} 25. h4 {[%emt 0:03:52]} Ke7 {[%emt 0:00:31]} 26. Kh2 {[%emt 0:01:37]} Rb5 {[%emt 0:06:34]} 27. Ra4 {[%emt 0:02:04]} Nb6 {[%emt 0:03:30]} 28. Ra2 {[%emt 0:00:46]} Nc4 {[%emt 0:00:30]} 29. Kg3 {[%emt 0:01:58]} Kd6 {[%emt 0:00:34]} 30. f3 {[%emt 0:01:04]} Kc7 {[%emt 0:02:43]} 31. e4 {[%emt 0:01:31]} dxe4 {[%emt 0:03:05]} 32. fxe4 {[%emt 0:00:05]} Nd6 {[%emt 0:01:05]} 33. Re2 {[%emt 0:03:17]} f5 {[%emt 0:00:33]} 34. exf5 {[%emt 0:01:09]} Nxf5+ {[%emt 0:00:12]} 35. Kh3 {[%emt 0:00:42]} Rb4 {[%emt 0:01:07]} 36. Re4 {[%emt 0:01:46]} h5 {[%emt 0:00:36]} 37. g4 {[%emt 0:01:33]} hxg4+ {[%emt 0:00:28]} 38. Kxg4 {[%emt 0:00:07]} Nh6+ {[%emt 0:00:46]} 39. Kf4 {[%emt 0:00:26]} Kd6 {[%emt 0:00:33]} 40. Rg3 {[%emt 0:00:00]} Ra7 {[%emt 0:00:00]} 41. Re5 {[%emt 0:21:28]} Rf7+ {[%emt 0:21:52]} 42. Ke4 {[%emt 0:01:02]} Rf1 {[%emt 0:01:10]} 43. Rg6+ {[%emt 0:04:24]} Rf6 {[%emt 0:00:13]} 44. Rxf6+ {[%emt 0:00:45]} gxf6 {[%emt 0:00:02]} 45. Rh5 {[%emt 0:00:23]} f5+ {[%emt 0:01:28]} 46. Kd3 {[%emt 0:03:13]} Rxb3+ {[%emt 0:02:00]} 47. Kc4 {[%emt 0:01:40]} Ra3 {[%emt 0:00:24]} 48. Rxh6+ {[%emt 0:02:18]} Kc7 {[%emt 0:00:08]} 49. Rh7+ {[%emt 0:11:59]} Kd6 {[%emt 0:00:11]} 50. Ra7 {[%emt 0:00:53]} f4 {[%emt 0:01:15]} 51. a6 {[%emt 0:02:22]} f3 {[%emt 0:01:00]} 52. Rf7 {[%emt 0:00:05]} Ra4+ {[%emt 0:01:10]} 53. Kd3 {[%emt 0:00:39]} Rxa6 {[%emt 0:01:21]} 54. Rxf3 {[%emt 0:00:19]} Ra1 {[%emt 0:00:53]} 55. Ke4 {[%emt 0:00:22]} c5 {[%emt 0:01:27]} 56. dxc5+ {[%emt 0:01:40]} Kxc5 {[%emt 0:00:02]} 57. Kf5 {[%emt 0:00:11]} Kd6 {[%emt 0:00:21]} 58. Kf6 {[%emt 0:00:13]} Kd7 {[%emt 0:03:09]} 59. Kf7 {[%emt 0:00:17]} Rh1 {[%emt 0:00:50]} 60. Rf4 {[%emt 0:01:18]} Kd6 {[%emt 0:00:02]} 61. Kf6 {[%emt 0:00:04]} Kd7 {[%emt 0:00:16]} 62. Kf7 {[%emt 0:03:48]} Kd6 {[%emt 0:00:07]} 63. Kg6 {[%emt 0:00:04]} Ke7 {[%emt 0:00:53]} 64. Rf7+ {[%emt 0:02:33]} Ke6 {[%emt 0:00:32]} 65. Rh7 {[%emt 0:02:16]} Rg1+ {[%emt 0:00:11]} 66. Kh6 {[%emt 0:00:03]} Kf6 {[%emt 0:01:05]} 67. h5 {[%emt 0:00:14]} Rg8 {[%emt 0:00:28]} 1/2-1/2